000
00204nam a22000857a 4500
008
170614b xxu||||| |||| 00| 0 eng d
100
_9
3396
_a
NCERT
245
_a
Mathematics - X
260
_a
New Delhi
_b
A. I
_c
2009
999
_c
6756
_d
6756